LEADER 00910nam0-22003011i-450- 001 990005279120403321 005 20070613103344.0 035 $a000527912 035 $aFED01000527912 035 $a(Aleph)000527912FED01 035 $a000527912 100 $a19990604d1971----km-y0itay50------ba 101 0 $aita 105 $ay-------001yy 200 1 $a<>teologia e il regno di Dio$fWolfhart Pannenberg$gcon una introduzione di John Richard Neuhais 210 $aRoma$cHerder$cMorcelliana$dc1971 215 $a164 p.$d21 cm 304 $aTrad. dall'inglese di Giorgio Guala 676 $a231 700 1$aPannenberg,$bWolfhart$f<1928- >$0205859 702 1$aNeuhaus,$bRichard John 801 0$aIT$bUNINA$gRICA$2UNIMARC 901 $aBK 912 $a990005279120403321 952 $a231 PAN 1$bST.REL. 1654$fFLFBC 959 $aFLFBC 996 $aTeologia e il regno di Dio$9537486 997 $aUNINA LEADER 01990oam 2200589 a 450 001 9910699908503321 005 20181030131828.0 035 $a(CKB)5470000002406876 035 $a(OCoLC)710844040$z(OCoLC)1037439241 035 $a(EXLCZ)995470000002406876 100 $a20110401d2010 ua 0 101 0 $aeng 135 $aurmn||||||||| 181 $ctxt$2rdacontent 182 $cc$2rdamedia 183 $acr$2rdacarrier 200 10$aCase study $einvestigation of interference into 5 GHZ weather radars from unlicensed national information infrastructure devices, Part 1 /$fJohn E. Carroll [and others] 210 1$a[Boulder, CO] :$cU.S. Dept. of Commerce, National Telecommunications and Information Administration,$d[2010] 215 $a1 online resource (ix, 27 pages) $ccolor illustrations, color map 225 1 $aNTIA Technical Report ;$vTR-11-473 300 $aTitle from PDF title screen (viewed on Apr. 1, 2011). 300 $a"November 2010." 320 $aIncludes bibliographical references (page 26). 517 $aCase study 606 $aRadar meteorology 606 $aRadar$xInterference$zUnited States 606 $aCyberinfrastructure$zUnited States 606 $aCyberinfrastructure$2fast 606 $aRadar$xInterference$2fast 606 $aRadar meteorology$2fast 607 $aUnited States$2fast 615 0$aRadar meteorology. 615 0$aRadar$xInterference 615 0$aCyberinfrastructure 615 7$aCyberinfrastructure. 615 7$aRadar$xInterference. 615 7$aRadar meteorology. 700 $aCarroll$b John E$026570 712 02$aUnited States.$bNational Telecommunications and Information Administration. 801 0$bGPO 801 1$bGPO 801 2$bGPO 801 2$bOCLCQ 801 2$bOCLCF 801 2$bOCLCO 801 2$bOCLCQ 801 2$bLWA 801 2$bINT 906 $aBOOK 912 $a9910699908503321 996 $aCase study$93510862 997 $aUNINA